000 00381 a2200157 4500
001 48934
020 _a85-322-5068-8
040 _cAnchieta - Bela Vista
100 _aMachado, Ana Maria
240 1 0 _aAh, Cambaxirra, se eu pudesse...
_lpor
245 1 0 _aAh, Cambaxirra, se eu pudesse...
300 _a31
362 0 _a2003
650 4 _aLiteratura infanto-juvenil
942 _cBK
999 _c48934
_d48934